Charlemagne et la Monarchie Asturienne / (Record no. 114476)

MARC details
000 -LEADER
campo de control de longitud fija 00567nam a2200169 i 4500
001 - NÚMERO DE CONTROL
campo de control 114476
003 - IDENTIFICADOR DE NÚMERO DE CONTROL
campo de control ES-MaACL
005 - FECHA Y HORA DE LA ÚLTIMA TRANSACCIÓN
campo de control 20230906190151.0
007 - CAMPO FIJO DE DESCRIPCIÓN FÍSICA--INFORMACIÓN GENERAL
campo de control de longitud fija t|
008 - DATOS DE LONGITUD FIJA--INFORMACIÓN GENERAL
campo de control de longitud fija 070302q19501959fr ||||1| fre d
100 1# - ENTRADA PRINCIPAL--NOMBRE DE PERSONA
Nombre de persona Defourneaux, Marcelin.
9 (RLIN) 43209
245 10 - MENCIÓN DEL TÍTULO
Título Charlemagne et la Monarchie Asturienne /
Mención de responsabilidad, etc. Marcelin Défourneaux.
260 ## - PUBLICACIÓN, DISTRIBUCIÓN, ETC.
Lugar de publicación, distribución, etc. [S.l.] :
Nombre del editor, distribuidor, etc. Presses Universitaires de France,
Fecha de publicación, distribución, etc. [195-]
300 ## - DESCRIPCIÓN FÍSICA
Extensión 4 h. ;
Dimensiones 24 cm.
500 ## - NOTA GENERAL
Nota general Es separata de: Mélanges d'Histoire de Moyen Age dediés áa la memoire de Louis Halphen.
852 ## - LOCALIZACIÓN
Ubicación ES-MaACL
Número de control de estantería 1925-F-16
Holdings
Estatus retirado Estado de pérdida Estado de daño No para préstamo Colección Biblioteca de origen Biblioteca actual Ubicación en estantería Fecha de adquisición Fuente de adquisición Total de préstamos Signatura topográfica completa Código de barras Visto por última vez Precio de reemplazo Tipo de ítem Koha
        Colección de folletos Biblioteca del Ateneo de Madrid Biblioteca del Ateneo de Madrid Depósito folletos 17/01/2008     1925-F-16 1119385 23/02/2023 23/02/2023 Folleto